Does It End In -SE or -CE? Quiz Stats

 Plays Quiz Updated Feb 20, 2018

Also try: -ence or -ance?
Challenge
Share
Tweet
Embed
Score 0/20 Timer 01:00
0 Plays Today
-se (S) -se or -ce? % Correct
Release???
93.7%
Reverse???
93.7%
Surprise???
93.7%
Promise???
93.5%
Advertise???
93%
Because???
92.9%
Conveniense???
92.8%
Guidanse???
92.7%
Paradise???
92.5%
Differense???
92.5%
-se (S) -se or -ce? % Correct
Absorbanse???
91%
Exercise???
90.6%
Nuisanse???
89.9%
Magnificense???
88.9%
Consequense???
88%
Expertise???
88%
Merchandise???
87.3%
Presense???
85.4%
Absense???
84.4%
Adolescense???
81.6%

You're not logged in!

Compare scores with friends on all Sporcle quizzes.
Join for Free
OR
Log In

You Might Also Like...

Show Comments

Extras

Top Quizzes Today


Score Distribution

Your Account Isn't Verified!

In order to create a playlist on Sporcle, you need to verify the email address you used during registration. Go to your Sporcle Settings to finish the process.

Report this User

Report this user for behavior that violates our Community Guidelines.

Details: